000 00357nam a22001457a 4500
003 SGT
020 _a9788184892918
082 _a615.1
_bPEA
100 _aPEARLMAN, RODENY
245 _aFORMULATION CHARACTERIZATION, AND STABILITY OF PROTEIN DRUGS
260 _aBOSTON
_bSPRINGER PUB
_c1996
300 _a432
650 _aPROTEIN DRUGS
942 _2ddc
_cBK
999 _c33117
_d33117